LDR 00572naa#a2200169#i#450# 001 EN\\bibl\119715 005 20260418021530.6 011 ## _a2782-4586 100 ## _a20260331b2026####ek#y0engy0150####ca 102 ## _aRU 200 1# _aRetail enterprises in the contemporary context of digitalization _eJournal article 210 1# _aMoscow _cITBO University _d2026 215 ## _a7 с. 608 ## _aJournal article _2local 675 ## _aЭкономические науки в целом. Политическая экономия. 330 _z 700 #1 _aRodin _gVitaliy Aleksandrovich 856 4# _azhpi.ru _u